000 00900cab a2200277 4500
001 ABS53997
008 090401t1995 xxu||||| |||| 00| 0 eng d
035 _a(Sirsi) u7814
041 _aeng
100 _aHoyano, L.C.
245 _aDangerous defects revisited by bold spirits
260 _c1995
350 _a0
490 _aModern Law Review
_v58(6) November 1995, 887-894(8)
520 _aLooks at recent case law involving latent defects, building insurance and liability.
650 _aARCHITECTS
650 _aD AND F ESTATES LTD AND OTHERS V CHURCH COMMISSIONERS FOR ENGLAND AND OTHERS
650 _aLATENT DEFECTS
650 _aLIABILITY
650 _aMURPHY V BRENTWOOD DC
650 _aWINNIPEG CONDOMINIUM CORPORATION NO 36 V BIRD CONSTRUCTION CO LTD
690 _aBUILT ENVIRONMENT-BUILDING PATHOLOGY
690 _aINSURANCE
_96249
942 _n0
948 _c04/03/1997
999 _c4753
_d4753